Australian house prices unlikely to fall (Record no. 80996)

MARC details
000 -LEADER
fixed length control field 01075cab a22001935a 4500
001 - CONTROL NUMBER
control field L146013
008 - FIXED-LENGTH DATA ELEMENTS--GENERAL INFORMATION
fixed length control field 081201s2008 xxkdo f s 000 0 eng d
035 ## - SYSTEM CONTROL NUMBER
System control number (Sirsi) u146013
041 0# - LANGUAGE CODE
Language code of text/sound track or separate title eng
100 1# - MAIN ENTRY--PERSONAL NAME
Personal name Eslake, Saul
245 00 - TITLE STATEMENT
Title Australian house prices unlikely to fall
260 ## - PUBLICATION, DISTRIBUTION, ETC.
Date of publication, distribution, etc. 2008
490 ## - SERIES STATEMENT
Series statement The Estate Agent
Volume/sequential designation 72(5) October 2008, 24-26(3)
520 ## - SUMMARY, ETC.
Summary, etc. In this article, the author discusses the Australian residential property market and suggests that it will not face the same falls in value seen in the UK and the US. He states that, while household debts have risen in recent years, the Australian market is facing an undersupply (partially as a result of immigration) and prestigious institutions such as the IMF do not count prices as overvalued. He also suggests that the imprudent sub prime lending that has led, in part to the current economic crisis was not nearly as common in Australia. A range of supporting tables and statistics are provided.
590 ## - LOCAL NOTE (RLIN)
Local note KA
651 #4 - SUBJECT ADDED ENTRY--GEOGRAPHIC NAME
Geographic name Australia
690 ## - LOCAL SUBJECT ADDED ENTRY--TOPICAL TERM (OCLC, RLIN)
Topical term or geographic name as entry element Residential property
9 (RLIN) 6266
942 ## - ADDED ENTRY ELEMENTS (KOHA)
Suppress in OPAC 0
Holdings
Withdrawn status Lost status Source of classification or shelving scheme Damaged status Not for loan Home library Current library Shelving location Date acquired Total Checkouts Full call number Barcode Date last seen Copy number Price effective from Koha item type
    Dewey Decimal Classification     London London Journal article 01/12/2008   L146013 146013-1001 06/08/2019 1 06/08/2019 Journal article